000 00665nam a2200217Ii 4500
003 JO-AjNU
008 230605s9999||||xx |||||||||||||| ||und||
017 _a2005/8/1977
040 _aJO-AjNU
_bara
_erda
_cJO-AjNU
041 _aara
050 1 4 _aTL152.I27 2006
100 3 _aابراهيم ، احمد محمد ,
_eauthor
_916906
245 0 0 _aاصلاح السيارات (كهرباء السيارات)
250 _aط1
264 3 1 _aعمان : دار الصفاء ، 2006
300 _a131ص
336 _atext
_btxt
_2rdacontent
337 _aunmediated
_bn
_2rdamedia
338 _avolume
_bnc
_2rdacarrier
650 4 _aالسيارات-اصلاح
_916907
999 _aA5113
_c8681
_d8681